Tạp chí Tia sáng Số 12

Nội dung số này trình bày câu chuyện công nghệ trong chống dịch Covid-19, Hướng tới đối tác công - tư

Enregistré dans:
Détails bibliographiques
Format: Livre
Langue:Vietnamese
Publié: H. Bộ Khoa học và Công nghệ 2021
Sujets:
Tags: Ajouter un tag
Pas de tags, Soyez le premier à ajouter un tag!
Thư viện lưu trữ: Thư viện Trường Đại học Nam Cần Thơ
LEADER 00855nam a22002057a 4500
001 NCT_4_002091
008 231216b xxu||||| |||| 00| 0 vie d
999 |c 7965  |d 7965 
041 0 |a vie 
082 0 4 |2 23rd ed.  |a 600  |b T109C 
245 0 0 |a Tạp chí Tia sáng  |n Số 12  |c Bộ Khoa học và Công nghệ 
260 |a H.  |b Bộ Khoa học và Công nghệ  |c 2021 
300 |c 29cm 
310 |a 1 tháng 2 kỳ 
362 |a 20/06/2021 
520 3 |a Nội dung số này trình bày câu chuyện công nghệ trong chống dịch Covid-19, Hướng tới đối tác công - tư 
655 |a Tạp chí 
942 |2 ddc  |c CR 
952 |0 0  |1 0  |2 ddc  |4 0  |6 600_000000000000000_T109C  |7 0  |9 28323  |a 000001  |b 000001  |d 2023-12-16  |o 600 T109C  |r 2023-12-16  |w 2023-12-16  |y CR 
980 |a Thư viện Trường Đại học Nam Cần Thơ